The coming war / (Record no. 184726)

000 -LEADER
fixed length control field 00875 a2200169 4500
003 - CONTROL NUMBER IDENTIFIER
control field Nust
005 - DATE AND TIME OF LATEST TRANSACTION
control field 20221226125243.0
040 ## - CATALOGING SOURCE
Transcribing agency Nust
082 ## - DEWEY DECIMAL CLASSIFICATION NUMBER
Classification number 355,LUD
100 ## - MAIN ENTRY--PERSONAL NAME
Personal name Ludendorff, Erich
9 (RLIN) 49551
245 ## - TITLE STATEMENT
Title The coming war /
Statement of responsibility, etc. General Ludendorff
260 ## - PUBLICATION, DISTRIBUTION, ETC.
Place of publication, distribution, etc. London
Name of publisher, distributor, etc. Faber & Faber limited
Date of publication, distribution, etc. 1931
300 ## - PHYSICAL DESCRIPTION
Extent 176 p.
505 ## - FORMATTED CONTENTS NOTE
Formatted contents note Introduction (Page-7), Systems Based Upon and Systems of Alliance (Page-22), The German Armaments (Page-64), The Engagement of the Respective Forces (Page-83), War Begins on the Unprotected Frontiers (Page-94), How a Disarmed Nation Fares amid Advanced Arms (Page-114), The Wheels of Destruction Begin to Grind (Page-126), The Annihilation of The German People and of Italy (Page-140), The Destruction of Europe (Page-156), The Overthrow of the International Mischief Makers (Page-172).
650 ## - SUBJECT ADDED ENTRY--TOPICAL TERM
Topical term or geographic name entry element War.
942 ## - ADDED ENTRY ELEMENTS (KOHA)
Source of classification or shelving scheme
Koha item type Book
Call number prefix 355,LUD
Holdings
Withdrawn status Lost status Source of classification or shelving scheme Damaged status Not for loan Permanent Location Current Location Shelving location Date acquired Full call number Barcode Date last seen Price effective from Koha item type Public note
          Military College of Signals (MCS) Military College of Signals (MCS) General Stacks 12/12/2016 355,LUD MCS29311 12/08/2016 12/12/2016 Book Almirah No.51, Shelf No.1
© 2023 Central Library, National University of Sciences and Technology. All Rights Reserved.